[Event "Rio de Janeiro op 3rd"]
[Site "Rio de Janeiro"]
[Date "2024.04.23"]
[Round "2"]
[White "Juca Correa, Diogo Ubirarajara"]
[Black "Souza, Iago Henrique Da Si"]
[Result "0-1"]
[WhiteElo "1781"]
[BlackElo "2052"]
[PlyCount "64"]
[EventDate "2024.04.22"]
[EventType "swiss"]
[EventRounds "9"]
[EventCountry "BRA"]
[SourceTitle "CBM 219 Extra"]
[Source "ChessBase"]
[SourceDate "2024.05.31"]
[SourceVersion "1"]
[SourceVersionDate "2024.05.31"]
[SourceQuality "1"]

1. e4 c6 2. d4 d5 3. Nc3 dxe4 4. Nxe4 Nf6 5. Nxf6+ exf6 6. Nf3 Bd6 7. Bd3 0-0 8. 0-0 Bg4 9. Re1 Nd7 10. h3 Bh5 11. g4 Bg6 12. Bxg6 hxg6 13. Kg2 g5 14. Rh1 Re8 15. Qd3 Qe7 16. Bd2 Nf8 17. Rae1 Qd7 18. Rxe8 Rxe8 19. Re1 Rxe1 20. Nxe1 Ng6 21. Nf3 Bf4 22. Qf5 Qe7 23. Bc3 Bc1 24. Qc8+ Kh7 25. Qf5 Kh6 26. h4 Nf4+ 27. Kh2 gxh4 28. Nxh4 Qe2 29. Kg3 Qf1 30. g5+ fxg5 31. Qg4 gxh4+ 32. Qxh4+ Nh5+ 0-1